Herby miast w woj. Lubuskim #1 - Statystyki

Ogólne statystyki
  • Ten quiz został rozwiązany 12 razy
  • Średni wynik to 13 z 16
Statystyki odpowiedzi
Obrazkowy Odpowiedź % Poprawnych
Gorzow wielkopolski
100%
Nowa sol
100%
Slubice
100%
Zary
100%
Zielona Gora
100%
Kostrzyn Nad Odra
83%
Miedzyrzecz
83%
Strzelce Krajenskie
83%
Swiebodzin
83%
Zagan
83%
Drezdenko
67%
Sulecin
67%
Wschowa
67%
Zbaszynek
67%
Kargowa
50%
Krosno Odrzanskie
33%
Nie znaleziono quizów pasujących do podanych kryteriów
Rozkład punktacji
Procent ludzi z każdym wynikiem
Percentyl według liczby udzielonych odpowiedzi
Twoja historia wyników
Nie rozwiązałeś tego quizu